000 00612nam a2200181Ia 4500
003 PILC
005 20160216092301.0
008 140609s9999 xx 000 0 und d
020 _a9781405190633
050 _aBF 76
_b.H45 2011
100 _aHelms, Jeffrey L.
245 _aMajoring in psychology :
_bachieving your educational and career goals /
_cJeffrey L. Helms and Daniel T. Rogers
260 _aMalden, MA :
_bWiley-Blackwell,
_c2011.
300 _a311 pages :
_billustrations ;
_c25 cm.
500 _aIncludes bibliographical references, appendix and index.
942 _kFOR
_cBK
_2lcc
999 _c118225
_d118225